Представление документа в формате RUSMARC

ПолеНазваниеЗначение
  Тип записи a
  Библиографический уровень m
001 Контрольный номер RU/SLIB/B/208728976
005 Дата корректировки 20211005163111.2
010 Индекс ISBN __
d Цена 8-00; 80-00
100 Данные общей обработки __
a Данные общей обработки 20211005d1991 m y0rusy028902 ca
101 Язык документа 0_
a Язык текста rus
c Язык оригинала eng
102 Страна публикации __
a Страна публикации RU
105 Кодированные данные (монография) __
a Кодированные данные (монография) y z 000yb
181 Поле кодированных данных: вид содержания _0
a Код вида содержания (ISBD) i
182 Поле кодированных данных: тип средства _0
a Код типа средства (ISBD) n
200 Заглавие и сведения об ответственности 0_
a Заглавие Сталин. Путь к власти. 1879-1929. История и личность
f Первые сведения об ответственности Такер Р. ; пер. с англ. Г. П. Блябин, А. К. Зур ; общ. ред. и послесл. В. С. Лельчук
b Общее обозначение материала Текст
200 Заглавие и сведения об ответственности 1_
i Наименование части Тысяча восемьсот семьдесят девять - тысяча девятьсот двадцать девять
210 Выходные данные 1_
a Место издания М.
c Издательство Прогресс
d Дата издания 1991
215 Физическое описание __
a Объем 480 с.
517 Другие варианты заглавия 1_
a Другие варианты заглавия Путь к власти
517 Другие варианты заглавия 1_
a Другие варианты заглавия 1879-1929
517 Другие варианты заглавия 1_
a Другие варианты заглавия История и личность
600 Персоналии _1
a Персоналии (Фамилия) Сталин, И. В.
606 Тематические рубрики __
a Основная рубрика История
z Хронологическая подрубрика 1879-1929 гг.; 19 в.; 20 в.
y Географическая подрубрика Россия
606 Тематические рубрики __
a Основная рубрика История России и СССР (октябрь 1917 - 1991 г.)
610 Ключевые слова 0_
a Ключевые слова сталинизм; диктаторы; культ личности; руководители; государственные деятели; исторические деятели; политические деятели; персоналии; историческая литература
686 Индексы других классификаций __
a Классификационный индекс 63.3(2)6-8
a Классификационный индекс 66.69(2),8; ст63.3(2)6-8 + ст66.69(2)
700 Автор _1
a Фамилия Такер
b Имя Р.
4 Код отношения 070
702 Вторичная интеллектуальная ответственность _1
a Фамилия Блябин
b Имя Г. П.
4 Код отношения Переводчик
702 Вторичная интеллектуальная ответственность _1
a Фамилия Зур
b Имя А. К.
4 Код отношения Переводчик
702 Вторичная интеллектуальная ответственность _1
a Фамилия Лельчук
b Имя В. С.
4 Код отношения Общая редакция
801 Источник записи _0
a Страна RU
b Организация Муниципальное бюджетное учреждение культуры "Централизованная библиотечная система" г. Сургут (Центральная городская библиотека им. А. С. Пушкина)
g Правила каталогизации КиК/Елгина
801 Источник записи _1
a Страна RU
b Организация Муниципальное бюджетное учреждение культуры "Централизованная библиотечная система" г. Сургут (Центральная городская библиотека им. А. С. Пушкина)
g Правила каталогизации КиК/Елгина
852 Данные о местонахождении __
j Шифр хранения 63.3(2)6-8
c Каталожный индекс 63.3(2)6-8; 66.61(2)8
i Авторский знак Т 15
p Инвентарный номер 44779; 49125
901 Тип документа __
t Тип документа m
990 Данные о заказе (DOS) __
j Количество экземпляров (DOS) 2